[Event "Poznan op"]
[Site "Poznan"]
[Date "1996.??.??"]
[Round "2"]
[White "Dobosz, A."]
[Black "Kujawski, Kazimierz"]
[Result "1-0"]
[WhiteElo "2315"]
[BlackElo "2070"]
[PlyCount "63"]
[EventDate "1996.??.??"]
[EventType "swiss"]
[EventRounds "9"]
[EventCountry "POL"]
[SourceTitle "EXT 2006"]
[Source "ChessBase"]
[SourceDate "2005.11.24"]
[SourceVersion "1"]
[SourceVersionDate "2005.11.24"]
[SourceQuality "1"]

1. d4 Nf6 2. c4 c5 3. d5 b5 4. cxb5 a6 5. b6 Qxb6 6. Nc3 d6 7. e4 g6 8. a4 Bg7 9. a5 Qb4 10. Ra4 Qb7 11. Ra3 Qc7 12. Bc4 0-0 13. Nge2 Nbd7 14. f4 Rb8 15. 0-0 Rb4 16. b3 Nb8 17. Qd3 e6 18. Bd2 Rb7 19. Kh1 Ra7 20. Qg3 exd5 21. Nxd5 Nxd5 22. Bxd5 Be6 23. Nc3 Nd7 24. f5 Be5 25. Bf4 Bxd5 26. Nxd5 Qd8 27. Bxe5 Nxe5 28. f6 Kh8 29. Qg5 Rb7 30. b4 Qc8 31. Qh6 Rg8 32. Rh3 1-0

[Event "Poznan op"]
[Site "Poznan"]
[Date "1996.??.??"]
[Round "1"]
[White "Fojudzki, Tomasz"]
[Black "Dobosz, A."]
[Result "0-1"]
[WhiteElo "1930"]
[BlackElo "2315"]
[PlyCount "97"]
[EventDate "1996.??.??"]
[EventType "swiss"]
[EventRounds "9"]
[EventCountry "POL"]
[SourceTitle "EXT 2006"]
[Source "ChessBase"]
[SourceDate "2005.11.24"]
[SourceVersion "1"]
[SourceVersionDate "2005.11.24"]
[SourceQuality "1"]

1. e4 c6 2. d4 d5 3. exd5 cxd5 4. Bd3 Nc6 5. c3 g6 6. Nf3 Bg7 7. 0-0 Nf6 8. h3 Bf5 9. Bf4 0-0 10. Ne5 Rc8 11. Bxf5 gxf5 12. Nd2 e6 13. Re1 Kh8 14. Bg5 Qc7 15. Bxf6 Bxf6 16. Ndf3 Rg8 17. Kh1 Rg7 18. Qe2 Rcg8 19. Rg1 Bxe5 20. Nxe5 Nxe5 21. dxe5 f4 22. Rae1 Rg5 23. Qf3 Rf5 24. Re2 Rc8 25. g3 Rxe5 26. Rxe5 Qxe5 27. gxf4 Qf6 28. Qg4 h6 29. Qg3 b5 30. a3 a6 31. Qe3 Rg8 32. Rg3 Rg6 33. Kg2 Kg7 34. Kf3 Qf5 35. Qe5+ Qxe5 36. fxe5 f6 37. Kf4 Rg5 38. exf6+ Kxf6 39. Rxg5 hxg5+ 40. Ke3 e5 41. f3 a5 42. b3 Ke6 43. Kd3 Kd6 44. Ke3 a4 45. b4 Ke6 46. Kd3 Kf5 47. Ke3 Kg6 48. Kf2 Kh5 49. Kg3 0-1

[Event "Poznan op"]
[Site "Poznan"]
[Date "1996.??.??"]
[Round "3"]
[White "Grujic, Matej"]
[Black "Dobosz, A."]
[Result "1-0"]
[WhiteElo "2145"]
[BlackElo "2315"]
[PlyCount "115"]
[EventDate "1996.??.??"]
[EventType "swiss"]
[EventRounds "9"]
[EventCountry "POL"]
[SourceTitle "EXT 2006"]
[Source "ChessBase"]
[SourceDate "2005.11.24"]
[SourceVersion "1"]
[SourceVersionDate "2005.11.24"]
[SourceQuality "1"]

1. d4 d5 2. Nc3 c6 3. e4 dxe4 4. Nxe4 Nd7 5. Nf3 Ngf6 6. Nxf6+ Nxf6 7. Ne5 Be6 8. Be2 g6 9. c4 Bg7 10. Be3 0-0 11. 0-0 Ne4 12. Qc2 Nd6 13. Rad1 Nf5 14. Qb3 Qb6 15. Qc3 Nxe3 16. Qxe3 Rad8 17. b3 Qa5 18. a4 Qb4 19. g4 Bc8 20. h3 f6 21. Nf3 Rfe8 22. c5 e6 23. Bc4 b5 24. cxb6 axb6 25. Ne1 Kh8 26. f4 b5 27. axb5 cxb5 28. Nd3 Qa5 29. b4 Qb6 30. Bb3 Qxd4 31. Rfe1 e5 32. Qxd4 Rxd4 33. Nxe5 Rxd1 34. Nf7+ Kg8 35. Nd6+ Kf8 36. Rxd1 Re3 37. Nxc8 Rxb3 38. Rd8+ Kf7 39. Rd7+ Kg8 40. f5 Bf8 41. Rd8 Rxb4 42. Ne7+ Kg7 43. Nd5 Bc5+ 44. Kg2 Rb2+ 45. Kf3 Rf2+ 46. Kg3 gxf5 47. Rd7+ Kg6 48. Nf4+ Kh6 49. gxf5 Rf1 50. Rd5 Bb6 51. Ne6 Rb1 52. Rd6 Ba7 53. Rd7 Bb8+ 54. Kg2 Rb2+ 55. Kg1 b4 56. Rg7 Be5 57. Rg4 b3 58. Rh4# 1-0

[Event "Jaroslawiec op-A"]
[Site "Jaroslawiec"]
[Date "1995.??.??"]
[Round "2"]
[White "Stanczyk, Lech"]
[Black "Dobosz, A."]
[Result "0-1"]
[WhiteElo "2190"]
[BlackElo "2310"]
[PlyCount "56"]
[EventDate "1995.??.??"]
[EventType "swiss"]
[EventRounds "9"]
[EventCountry "POL"]
[SourceTitle "EXT 2006"]
[Source "ChessBase"]
[SourceDate "2005.11.24"]
[SourceVersion "1"]
[SourceVersionDate "2005.11.24"]
[SourceQuality "1"]

1. e4 c5 2. Nf3 Nc6 3. d4 cxd4 4. Nxd4 Nf6 5. Nc3 e5 6. Ndb5 d6 7. Bg5 a6 8. Na3 b5 9. Nd5 Be7 10. Bxf6 Bxf6 11. c3 Bg5 12. Bd3 0-0 13. 0-0 Ne7 14. c4 Nxd5 15. cxd5 Qb6 16. Nc2 a5 17. Qe2 Bd7 18. Rfe1 Rac8 19. Ne3 g6 20. Rac1 Rxc1 21. Rxc1 f5 22. Rc3 fxe4 23. Bxe4 Rf4 24. Nc2 b4 25. Rc4 Bb5 26. Rc8+ Kg7 27. Qd2 Qb7 28. g3 Rxe4 0-1